000
00243nam a2200097Ia 4500
001
689927
005
20250826161806.0
008
250824s9999 xx 000 0 und d
245
0
_a
DÜĞÜN GÜNLÜKLERİ
_c
SAM BINNIE
260
_b
PANAMA YAYINLARI
999
_c
689927
_d
689927